Pharmacy calculations / (Record no. 8692)

MARC details
000 -LEADER
fixed length control field 00924nam a22002652 4500
001 - CONTROL NUMBER
control field 0000018876
005 - DATE AND TIME OF LATEST TRANSACTION
control field 20151217152138.0
008 - FIXED-LENGTH DATA ELEMENTS--GENERAL INFORMATION
fixed length control field 100811s xx 000 0 eng d
020 ## - INTERNATIONAL STANDARD BOOK NUMBER
International Standard Book Number 8123915401 :
040 ## - CATALOGING SOURCE
Original cataloging agency KABU
Transcribing agency KABU
100 1# - MAIN ENTRY--PERSONAL NAME
Personal name Ballington, Don A.
-- 0000178318
245 10 - TITLE STATEMENT
Title Pharmacy calculations /
Statement of responsibility, etc. Don A. Ballington, Tova Wiegand Green.
250 ## - EDITION STATEMENT
Edition statement 3rd ed.
260 ## - PUBLICATION, DISTRIBUTION, ETC. (IMPRINT)
Place of publication, distribution, etc. New Delhi :
Name of publisher, distributor, etc. CBS,
Date of publication, distribution, etc. 2007.
300 ## - PHYSICAL DESCRIPTION
Extent x, 262 p.
650 #0 - SUBJECT ADDED ENTRY--TOPICAL TERM
Topical term or geographic name as entry element Pharmaceutical arithmetic.
-- 0000178319
700 1# - ADDED ENTRY--PERSONAL NAME
Personal name Green, Tova Wiegand.
-- 0000178320
852 1# - LOCATION
-- p1870 KES
852 1# - LOCATION
-- p1870 KES
852 1# - LOCATION
-- p1870 KES
852 1# - LOCATION
-- p1870 KES
852 1# - LOCATION
-- p1870 KES
908 ## - PUT COMMAND PARAMETER (RLIN)
Put command parameter 100811
950 ## - LOCAL HOLDINGS (RLIN)
-- 1
Holdings
Withdrawn status Lost status Source of classification or shelving scheme Not for loan Home library Current library Date acquired Total Checkouts Full call number Barcode Date last seen Date last checked out Price effective from Koha item type Total Renewals
    Library of Congress Classification   Kabarak, Main Campus Kabarak, Main Campus 17/12/2015 1 RS57 .B35 2007 c. 1 24414 26/09/2019 20/09/2019 17/12/2015 General Collection  
    Library of Congress Classification   Kabarak, Main Campus Kabarak, Main Campus 17/12/2015   RS57 .B35 2007 c. 2 24415 17/12/2015   17/12/2015 General Collection  
    Library of Congress Classification   Kabarak, Main Campus Kabarak, Main Campus 17/12/2015 2 RS57 .B35 2007 c. 3 24416 21/06/2021 18/06/2021 17/12/2015 General Collection 1
    Library of Congress Classification   Kabarak, Main Campus Kabarak, Main Campus 17/12/2015   RS57 .B35 2007 c. 4 21369 17/12/2015   17/12/2015 General Collection  
    Library of Congress Classification   Kabarak, Main Campus Kabarak, Main Campus 17/12/2015   RS57 .B35 2007 c. 5 21375 17/12/2015   17/12/2015 General Collection  
Designed with assistance from East African Informatics Ltd